Slaraffenland (Record no. 11260)

MARC details
000 -LEADER
campo de control de longitud fija 00684ncm a22002295a 4500
001 - NÚMERO DE CONTROL
campo de control C00011468c
005 - FECHA Y HORA DE LA ÚLTIMA TRANSACCIÓN
campo de control 20241029143126.0
008 - DATOS DE LONGITUD FIJA--INFORMACIÓN GENERAL
campo de control de longitud fija 950810c1939 dk sub n 1 ger d
080 ## - NÚMERO DE LA CLASIFICACIÓN DECIMAL UNIVERSAL
Número de la Clasificación Decimal Universal 785.1.083.1
100 1# - ENTRADA PRINCIPAL--NOMBRE DE PERSONA
Nombre de persona Riisager, Knudage (
Fechas asociadas al nombre 1897-1974)
9 (RLIN) 8331
245 10 - MENCIÓN DEL TÍTULO
Título Slaraffenland
Resto del título : suite for Orkester /
Mención de responsabilidad, etc. Knudage Riisager.
254 ## - MENCIÓN DE PRESENTACIÓN MUSICAL
Mención de presentación musical Lomme Partitur].
260 ## - PUBLICACIÓN, DISTRIBUCIÓN, ETC.
Lugar de publicación, distribución, etc. [Copenhagen] :
Nombre del editor, distribuidor, etc. Wilhelm Hansen,
Fecha de publicación, distribución, etc. cop. 1939.
300 ## - DESCRIPCIÓN FÍSICA
Extensión Partitura (76 p.) ;
Dimensiones 19 cm.
490 0# - MENCIÓN DE SERIE
Mención de serie Wilhelm Hansen Edition ;
Designación de volumen o secuencia 3369 b
500 ## - NOTA GENERAL
Nota general N. pl. : 24837.
500 ## - NOTA GENERAL
Nota general Legado Pérez Casas.
650 14 - PUNTO DE ACCESO ADICIONAL DE MATERIA--TÉRMINO DE MATERIA
Término de materia o nombre geográfico como elemento de entrada Suites (Orquesta)
9 (RLIN) 11831
852 4# - LOCALIZACIÓN
Número de control de estantería M-2381
Holdings
Estatus retirado Estado de pérdida Estado de daño No para préstamo Colección Biblioteca de origen Biblioteca actual Ubicación en estantería Fecha de adquisición Fuente de adquisición Total de préstamos Signatura topográfica completa Código de barras Visto por última vez Precio de reemplazo Tipo de ítem Koha
        Música Real Academia de la Bellas Artes de San Fernando Real Academia de la Bellas Artes de San Fernando Depósito 1 10/08/1995 D   M-2381 1012458 15/10/2024 15/10/2024 Fondo moderno

Powered by Koha